000 00396nam a2200133Ia 4500
005 20260328104328.0
008 260328s9999||||xx |||||||||||||| ||und||
100 _aEiselin, Stefan
245 4 _aThe Art of the Airport :
_b The World's Most Beautiful Terminals /
_cStefan Eiselin
260 _bFrances lincoln
300 _a192 p.
650 _aAEROPUERTOS Y TERMINALES DE TRANSPORTE
942 _cBK
999 _c11603
_d11603